मनीषा कुलश्रेष्ठ के उपन्यासों मे निरुपति युगबोध (Record no. 127194)

MARC details
000 -LEADER
fixed length control field 00441nam a2200145Ia 4500
008 - FIXED-LENGTH DATA ELEMENTS--GENERAL INFORMATION
fixed length control field 230917s9999||||xx |||||||||||||| ||und||
040 ## - CATALOGING SOURCE
-- 248465
Original cataloging agency VIVEKANANDA LIBRARY
041 ## - Language
-- English
082 ## - DDC NUMBER
Classification number 891.433751 KM959M
100 ## - MAIN ENTRY--PERSONAL NAME
Personal name मीना
245 #0 - TITLE STATEMENT
Title मनीषा कुलश्रेष्ठ के उपन्यासों मे निरुपति युगबोध
260 ## - PUBLICATION, DISTRIBUTION, ETC. (IMPRINT)
Date of publication, distribution, etc 2014
300 ## - PHYSICAL DESCRIPTION
Pages 96पृ. p.
942 ## - ADDED ENTRY ELEMENTS (KOHA)
Koha item type Thesis
Holdings
Withdrawn status Lost status Damaged status Not for loan Location (home branch) Sublocation or collection (holding branch) Date acquired Koha issues (times borrowed) Koha full call number Accession No. Koha date last seen Koha item type
        VIVEKANANDA LIBRARY VIVEKANANDA LIBRARY 20/06/2018   891.433751 KM959M 223067 17/09/2023 Thesis
© Designed and Maintained by Vivekananda Library, MDU Rohtak